Which African country? - Statistics

General Stats
  • This quiz has been taken 43 times
  • The average score is 10 of 15
Answer Stats
Question Answer % Correct
Does not border the Mediterranean Sea? Ethiopia
90%
Is entirely surrounded by one other country? Lesotho
84%
Is the largest by area? Algeria
81%
Is not an island country? Equatorial Guinea
81%
Has the largest population? Nigeria
77%
Has multiple capital cities? South Africa
74%
Has the capital of Gaborone? Botswana
71%
Has the most elephants? Botswana
71%
Is the newest country? South Sudan
71%
Has the capital of Niamey? Niger
68%
Has the world's lowest life expectancy? Central African Republic
65%
Has the highest percentage of Muslims? Mauritania
48%
Has the lowest population? Seychelles
45%
Has the highest average elevation? Lesotho
42%
Gets the most rainfall? Sao Tome and Principe
42%
No matching quizzes found
Score Distribution
Percent of People with Each Score
Percentile by Number Answered
Your Score History
You have not taken this quiz